Kto wykonał tą piosenkę - Statystyki

Ogólne statystyki
  • Ten quiz został rozwiązany 115 razy
  • Średni wynik to 4 z 10
Statystyki odpowiedzi
Tytuł piosenki Wykonawca % Poprawnych
7 Rings Ariana Grande
73%
Anyone I Want To Be Roksana Węgiel
72%
Can't Stop the Feeling Justin Timberlake
69%
Let Me Love You Justin Bieber
51%
ERROR Natalia Nykiel
37%
Pod Wiatr Grzegorz Hyży
29%
The Spectre Alan Walker
22%
Euforia Kamil Bednarek
12%
Piraci Kali
7%
Podigni Glas Darija Vracević
4%
Nie znaleziono quizów pasujących do podanych kryteriów
Rozkład punktacji
Procent ludzi z każdym wynikiem
Percentyl według liczby udzielonych odpowiedzi
Twoja historia wyników
Nie rozwiązałeś tego quizu